| 000 | 00597nam a2200169 a 4500 | ||
|---|---|---|---|
| 008 | 120416s1971 ||||||||||||||||| || u | ||
| 050 | _aHD 5715.2 Pat | ||
| 100 | _aPatten, Thomas H | ||
| 245 | 1 | 0 | _aManpower planning and the development of human resources |
| 260 |
_aNew York _bJohn Wiley and Sons _c1971 |
||
| 300 | _ax, 737p. : ill | ||
| 350 | _a0.00 | ||
| 650 | _aMANPOWER DEVELOPMENT | ||
| 650 | _aLABOUR | ||
| 650 | _aMANPOWER PLANNING | ||
| 995 |
_D0.00 _FCBU-MAIN LIBRARY (Kitwe) _H1 _I0.00 _M1 _UDAMAGED _ZMain Library Open Access Collection |
||
| 999 |
_c50265 _d50265 |
||